000 00319nam a22001457a 4500
008 230531b ||||| |||| 00| 0 eng d
020 _a9780133425505
041 _aeng
080 _22ND EDITION
_a004
082 _a004AND
100 _a18
101 _aSHKI
245 _aJUMP RIGHT IN !
_cANDREWS
942 _2udc
_cBK
999 _c59884
_d59884